000 00656nam a2200229Ia 4500
003 OSt
005 20220923213315.0
006 a|||||r|||| 00| 0
007 ta
008 220922b |||||||| |||| 00| 0 hin d
024 _a160,604
037 _cTextual
040 _aARTS
_cARTS
_bhin
041 _2hin
_ahin
082 _aO152:2v2:N3, G7
100 _aब्रजरत्नदास
_9156945
245 0 _aहिन्दी-नाट्य-साहित्य
246 _aHindī-nāṭya-sāhitya
260 _c1937
942 _hO152:2v2:N3, G7
_cTEXL
_2CC
999 _c315351
_d315351